000 00605nam a22002297a 4500
003 UA-OsUOA
001 513
007 ta
008 20050603b un ||||| |||| 00| 0 ukr d
090 _a94(477)"18/19"
_bТ44
942 _cBK
040 _aUA-OsUOA
_bukr
_cUA-OsUOA
_dUA-OsUOA
245 _aТисяча років української суспільно-політичної думки
300 _a440 с.
955 _a2
041 _aukr
080 _a94(477)"18/19"
020 _a966-578-076-Х
260 _aК.
_bДніпро
_c2001
650 7 _2UDC
999 _c286678
_d286678